Vývoj poisťovníctva na Slovensku do roku 1918

Historický vývoj poisťovníctva na Slovensku do roku 1918. Požiarny poisťovací spolok spišských miest. Privilegovaná Plavebná poisťovacia spoločnosť prístav-Komárno. Poisťovne so sídlom na Slovensku do roku 1918.

Saved in:
Bibliographic Details
Main Author: Patoprstý, Ján
Format: Book Chapter
Language:Slovak
Subjects:
Tags: Add Tag
No Tags, Be the first to tag this record!

MARC

LEADER 00000naa a2200000 4500
001 r033666
005 20230918102416.7
041 0 |a slo 
044 |a SK 
245 1 0 |a Vývoj poisťovníctva na Slovensku do roku 1918  |c Ján Patoprstý 
520 |a Historický vývoj poisťovníctva na Slovensku do roku 1918. Požiarny poisťovací spolok spišských miest. Privilegovaná Plavebná poisťovacia spoločnosť prístav-Komárno. Poisťovne so sídlom na Slovensku do roku 1918. 
610 2 0 |a poisťovníctvo 
610 2 0 |a poisťovne 
610 2 0 |a história 
610 2 0 |a Slovensko 
610 2 0 |a 1918 
100 1 |a Patoprstý, Ján